Purchase Decision Criteria in Product Category of Perfumes: Empirical Study

Kozmetický priemysel - charakteristika trhu. Špecifiká spotrebiteľského správania na trhu s kozmetikou. Obalový dizajn a vlastnosti parfumov. Význam rozhodovacích kritérií pre spotrebiteľa.

Saved in:
Bibliographic Details
Main Author: Knošková, Ľubica, 1965-
Format: Book Chapter
Language:English
Subjects:
Tags: Add Tag
No Tags, Be the first to tag this record!

MARC

LEADER 00000naa$a2200000$$$4500
001 0193213
005 20240502083448.6
041 0 |a eng 
044 |a PL 
245 1 0 |a Purchase Decision Criteria in Product Category of Perfumes: Empirical Study  |c Ľubica Knošková 
520 |a Kozmetický priemysel - charakteristika trhu. Špecifiká spotrebiteľského správania na trhu s kozmetikou. Obalový dizajn a vlastnosti parfumov. Význam rozhodovacích kritérií pre spotrebiteľa. 
610 2 0 |a správanie spotrebiteľa 
610 2 0 |a priemysel 
610 2 0 |a kozmetika 
610 2 0 |a dizajn 
610 2 0 |a kritériá rozhodovania 
100 1 |a Knošková, Ľubica, 1965-